[Event "EYCC 2024 - G16"]
[Site "?"]
[Date "2024.08.24"]
[Round "3.10"]
[White "Ingel, Mica Bar"]
[Black "Rusu, Anastasia"]
[Result "1/2-1/2"]
[BlackElo "1695"]
[WhiteElo "1911"]
[LiveChessVersion "1.4.8"]

1. e4 {[%clk 1:30:57]} c6 {[%clk 1:30:55]} 2. d4 {[%clk 1:31:22]} d5
{[%clk 1:31:20]} 3. Nc3 {[%clk 1:31:47]} dxe4 {[%clk 1:31:43]} 4. Nxe4
{[%clk 1:32:13]} Bf5 {[%clk 1:32:06]} 5. Ng3 {[%clk 1:32:36]} Bg6
{[%clk 1:32:26]} 6. h4 {[%clk 1:33:01]} h6 {[%clk 1:32:52]} 7. h5
{[%clk 1:33:25]} Bh7 {[%clk 1:33:17]} 8. Nf3 {[%clk 1:33:50]} Nd7
{[%clk 1:33:40]} 9. Bd3 {[%clk 1:34:06]} Bxd3 {[%clk 1:34:02]} 10. Qxd3
{[%clk 1:34:32]} Ngf6 {[%clk 1:34:05]} 11. Bd2 {[%clk 1:34:50]} Qc7
{[%clk 1:34:12]} 12. O-O-O {[%clk 1:34:49]} O-O-O {[%clk 1:34:10]} 13. Ne4
{[%clk 1:34:08]} Nxe4 {[%clk 1:34:15]} 14. Qxe4 {[%clk 1:34:30]} Nf6
{[%clk 1:34:42]} 15. Qd3 {[%clk 1:29:58]} e6 {[%clk 1:33:35]} 16. g3
{[%clk 1:30:14]} Bd6 17. c4 {[%clk 1:25:44]} c5 {[%clk 1:32:57]} 18. Bc3
{[%clk 1:22:56]} cxd4 {[%clk 1:32:48]} 19. Nxd4 {[%clk 1:20:07]} Be7
{[%clk 1:20:35]} 20. Qe2 {[%clk 1:18:02]} a6 {[%clk 1:18:09]} 21. Kb1
{[%clk 1:14:29]} Rd7 {[%clk 1:13:05]} 22. Rc1 {[%clk 1:04:07]} Rhd8
{[%clk 1:01:41]} 23. Nb3 {[%clk 1:00:58]} Qc6 {[%clk 0:57:22]} 24. c5
{[%clk 0:54:40]} Qe4+ {[%clk 0:50:30]} 25. Qxe4 {[%clk 0:53:58]} Nxe4
{[%clk 0:50:49]} 26. Ba5 {[%clk 0:54:04]} Re8 {[%clk 0:49:12]} 27. c6
{[%clk 0:52:56]} bxc6 {[%clk 0:48:28]} 28. Rxc6+ {[%clk 0:53:04]} Kb7
{[%clk 0:48:16]} 29. Rhc1 {[%clk 0:49:14]} Bd8 {[%clk 0:39:37]} 30. f3
{[%clk 0:29:32]} Nxg3 {[%clk 0:30:41]} 31. Rc8 {[%clk 0:16:08]} Rd1
{[%clk 0:26:22]} 32. Rxd8 {[%clk 0:10:30]} Rexd8 {[%clk 0:26:11]} 33. Bxd8
{[%clk 0:10:49]} Rxd8 {[%clk 0:26:32]} 34. Na5+ {[%clk 0:11:13]} Kb6
{[%clk 0:26:20]} 35. b4 {[%clk 0:10:41]} Rd7 {[%clk 0:25:18]} 36. a4
{[%clk 0:10:18]} Nxh5 {[%clk 0:23:06]} 37. Rc8 {[%clk 0:08:20]} Rc7
{[%clk 0:17:14]} 38. Rd8 {[%clk 0:08:01]} Ra7 {[%clk 0:11:52]} 39. Rc8
{[%clk 0:08:24]} Rc7 {[%clk 0:08:07]} 40. Rd8 {[%clk 0:08:50]} Ra7
{[%clk 0:08:09]} 1/2-1/2

[Event "EYCC 2024 - G16"]
[Site "?"]
[Date "2024.08.24"]
[Round "3.11"]
[White "Lackova, Ludmila"]
[Black "Pinyol I Llora, Julia"]
[Result "0-1"]
[BlackElo "1909"]
[WhiteElo "1669"]
[LiveChessVersion "1.4.8"]

1. d4 {[%clk 1:30:57]} d5 {[%clk 1:30:52]} 2. c4 {[%clk 1:31:21]} e6
{[%clk 1:31:16]} 3. Nc3 {[%clk 1:31:46]} c6 {[%clk 1:31:40]} 4. cxd5
{[%clk 1:31:56]} exd5 {[%clk 1:32:00]} 5. Nf3 {[%clk 1:32:07]} Nf6
{[%clk 1:32:16]} 6. Bg5 {[%clk 1:32:17]} Be7 {[%clk 1:32:34]} 7. Qc2
{[%clk 1:32:15]} g6 {[%clk 1:32:40]} 8. e3 {[%clk 1:31:27]} Bf5 {[%clk 1:32:40]}
9. Bd3 {[%clk 1:30:08]} Bxd3 {[%clk 1:32:42]} 10. Qxd3 {[%clk 1:30:26]} O-O
{[%clk 1:32:40]} 11. O-O {[%clk 1:30:38]} Nbd7 {[%clk 1:32:58]} 12. Rab1
{[%clk 1:30:17]} a5 {[%clk 1:31:18]} 13. a3 {[%clk 1:29:52]} Re8 {[%clk 1:30:49]}
14. Rfc1 {[%clk 1:26:42]} Ne4 {[%clk 1:25:30]} 15. Bf4 {[%clk 1:16:03]} Nd6
{[%clk 1:13:27]} 16. Na4 {[%clk 1:05:40]} Nc4 {[%clk 1:07:53]} 17. Nd2
{[%clk 1:03:37]} b5 {[%clk 1:05:25]} 18. Nc3 {[%clk 1:03:50]} Ndb6
{[%clk 1:04:21]} 19. Nxc4 {[%clk 1:01:29]} Nxc4 {[%clk 1:04:07]} 20. Rc2
{[%clk 0:54:10]} a4 {[%clk 0:59:25]} 21. Rbc1 {[%clk 0:53:39]} f5
{[%clk 0:43:43]} 22. Nb1 {[%clk 0:53:17]} Bd6 {[%clk 0:35:14]} 23. Bxd6
{[%clk 0:53:21]} Qxd6 {[%clk 0:35:41]} 24. Nd2 {[%clk 0:53:33]} Na5
{[%clk 0:35:01]} 25. Rc3 {[%clk 0:49:10]} Re6 {[%clk 0:30:14]} 26. Nf3
{[%clk 0:48:32]} Nc4 {[%clk 0:28:44]} 27. R3c2 {[%clk 0:46:15]} f4
{[%clk 0:26:36]} 28. Ng5 {[%clk 0:39:42]} Re7 {[%clk 0:24:04]} 29. Re1
{[%clk 0:34:47]} fxe3 {[%clk 0:22:24]} 30. fxe3 {[%clk 0:34:01]} Rae8
{[%clk 0:22:46]} 31. Rce2 {[%clk 0:34:13]} Kg7 {[%clk 0:17:45]} 32. e4
{[%clk 0:32:21]} Qf6 {[%clk 0:15:36]} 33. h4 {[%clk 0:26:07]} Qf4
{[%clk 0:13:08]} 34. exd5 {[%clk 0:23:03]} Rxe2 {[%clk 0:12:24]} 35. Rxe2
{[%clk 0:23:10]} Rxe2 {[%clk 0:11:40]} 36. Qxe2 {[%clk 0:23:30]} Qxd4+
{[%clk 0:11:32]} 37. Kf1 {[%clk 0:23:25]} Ne3+ {[%clk 0:10:41]} 38. Kg1
{[%clk 0:16:28]} Nxd5+ {[%clk 0:09:36]} 39. Kh2 {[%clk 0:15:05]} Qxh4+
{[%clk 0:07:14]} 40. Nh3 {[%clk 0:15:33]} Qe7 {[%clk 0:06:18]} 41. Qc2
{[%clk 0:14:14]} Qe5+ {[%clk 0:06:35]} 42. Kh1 {[%clk 0:14:29]} Qe6
{[%clk 0:05:44]} 43. Qc5 {[%clk 0:14:27]} g5 {[%clk 0:04:46]} 44. Qd4+
{[%clk 0:05:55]} Kh6 {[%clk 0:03:23]} 45. Qf2 {[%clk 0:05:43]} Qf6
{[%clk 0:02:44]} 46. Qd2 {[%clk 0:04:01]} Qe5 {[%clk 0:02:41]} 47. Qf2
{[%clk 0:03:59]} Kg7 {[%clk 0:02:27]} 48. Qa7+ {[%clk 0:04:11]} Kg6
{[%clk 0:02:47]} 49. Qd7 {[%clk 0:03:57]} Qf6 {[%clk 0:02:05]} 50. Qe8+
{[%clk 0:04:23]} Kh6 {[%clk 0:02:27]} 51. Qe2 {[%clk 0:03:10]} Qf5
{[%clk 0:02:40]} 52. Qd2 {[%clk 0:03:16]} Kh5 {[%clk 0:02:06]} 53. Qe2+
{[%clk 0:01:49]} g4 {[%clk 0:01:26]} 54. Qe8+ {[%clk 0:01:52]} Kh4
{[%clk 0:01:06]} 55. Ng1 {[%clk 0:00:45]} Qh5 {[%clk 0:00:46]} 56. Qd8+
{[%clk 0:01:03]} Kg3+ {[%clk 0:01:11]} 57. Nh3 {[%clk 0:01:24]} gxh3
{[%clk 0:01:24]} 58. Qd6+ {[%clk 0:01:30]} Nf4 {[%clk 0:01:27]} 59. Kg1
{[%clk 0:00:46]} hxg2 {[%clk 0:01:35]} 60. Qxf4+ {[%clk 0:00:33]} Kxf4
{[%clk 0:01:58]} 61. Kxg2 {[%clk 0:00:50]} Qf3+ {[%clk 0:02:23]} 62. Kh2
{[%clk 0:01:03]} Qf2+ {[%clk 0:02:46]} 63. Kh1 {[%clk 0:01:21]} Kg3
{[%clk 0:03:11]} 64. b4 {[%clk 0:01:09]} Qh2# {[%clk 0:03:37]} 0-1

[Event "EYCC 2024 - G16"]
[Site "?"]
[Date "2024.08.24"]
[Round "3.12"]
[White "Zadrapova, Amalie"]
[Black "Eshkol, Lilian"]
[Result "1/2-1/2"]
[BlackElo "1667"]
[WhiteElo "1894"]
[LiveChessVersion "1.4.8"]

1. e4 {[%clk 1:30:59]} e6 {[%clk 1:30:49]} 2. d4 {[%clk 1:31:24]} d5
{[%clk 1:31:13]} 3. Nd2 {[%clk 1:31:48]} dxe4 {[%clk 1:31:13]} 4. Nxe4
{[%clk 1:32:09]} Bd7 {[%clk 1:31:35]} 5. Nf3 {[%clk 1:31:56]} Bc6
{[%clk 1:31:48]} 6. Bd3 {[%clk 1:30:58]} Nd7 {[%clk 1:32:01]} 7. O-O
{[%clk 1:30:43]} Ngf6 {[%clk 1:32:02]} 8. Nxf6+ {[%clk 1:30:40]} Qxf6
{[%clk 1:31:53]} 9. Be2 {[%clk 1:29:01]} h6 {[%clk 1:29:41]} 10. Re1
{[%clk 1:27:47]} O-O-O {[%clk 1:27:32]} 11. c3 {[%clk 1:21:35]} g5
{[%clk 1:25:10]} 12. b4 {[%clk 1:21:17]} g4 {[%clk 1:06:09]} 13. Nd2
{[%clk 1:20:51]} h5 {[%clk 1:00:52]} 14. b5 {[%clk 1:18:23]} Bd5 {[%clk 0:59:25]}
15. Bb2 {[%clk 1:15:47]} b6 {[%clk 0:43:39]} 16. c4 {[%clk 1:14:34]} Bb7
{[%clk 0:43:36]} 17. Qc2 {[%clk 1:09:32]} Bd6 {[%clk 0:34:01]} 18. Ne4
{[%clk 1:02:13]} Bxh2+ {[%clk 0:31:57]} 19. Kxh2 {[%clk 0:59:25]} Qf4+
{[%clk 0:31:32]} 20. Kg1 {[%clk 0:59:22]} Bxe4 {[%clk 0:30:16]} 21. Qc1
{[%clk 0:58:52]} Qf5 {[%clk 0:28:26]} 22. Qe3 {[%clk 0:52:59]} Rdg8
{[%clk 0:25:41]} 23. Bf1 {[%clk 0:49:55]} Nf6 {[%clk 0:21:19]} 24. d5
{[%clk 0:49:20]} e5 {[%clk 0:19:48]} 25. Qc3 {[%clk 0:44:51]} Rg5
{[%clk 0:16:46]} 26. Bc1 {[%clk 0:43:23]} Rgg8 {[%clk 0:15:08]} 27. Bb2
{[%clk 0:43:46]} Re8 {[%clk 0:15:15]} 28. c5 {[%clk 0:40:07]} g3 {[%clk 0:06:04]}
29. fxg3 {[%clk 0:36:38]} Ng4 {[%clk 0:02:26]} 30. Re2 {[%clk 0:35:27]} Bxd5
{[%clk 0:01:35]} 31. cxb6 {[%clk 0:29:52]} axb6 {[%clk 0:01:59]} 32. Rc1
{[%clk 0:29:37]} Re7 {[%clk 0:00:54]} 33. Ba3 {[%clk 0:28:46]} Rd7
{[%clk 0:01:00]} 34. Bd6 {[%clk 0:27:29]} Kb7 {[%clk 0:01:00]} 35. Bxe5
{[%clk 0:23:20]} Re8 {[%clk 0:00:52]} 36. Bf4 {[%clk 0:22:27]} Rxe2
{[%clk 0:00:48]} 37. Bxe2 {[%clk 0:22:46]} h4 {[%clk 0:00:36]} 38. Bxg4
{[%clk 0:17:18]} Qxg4 {[%clk 0:00:59]} 39. Bxc7 {[%clk 0:15:46]} Qe2
{[%clk 0:00:50]} 40. Rc2 {[%clk 0:15:01]} Qd1+ {[%clk 0:00:58]} 41. Kf2
{[%clk 0:08:31]} Be4 {[%clk 0:01:11]} 42. Rc1 {[%clk 0:07:11]} Rd2+
{[%clk 0:01:18]} 43. Ke3 {[%clk 0:06:51]} Rd3+ {[%clk 0:00:35]} 44. Kf4
{[%clk 0:06:15]} Qh5 {[%clk 0:00:36]} 45. Qe5 {[%clk 0:04:23]} Qh6+
{[%clk 0:00:33]} 46. Qg5 {[%clk 0:04:46]} Qxg5+ {[%clk 0:00:32]} 47. Kxg5
{[%clk 0:04:49]} hxg3 {[%clk 0:00:38]} 48. Kh4 {[%clk 0:03:31]} Bxg2
{[%clk 0:00:33]} 49. Bxg3 {[%clk 0:03:51]} Rd4+ {[%clk 0:00:40]} 50. Kg5
{[%clk 0:03:56]} Rd5+ {[%clk 0:00:47]} 51. Kf6 {[%clk 0:03:11]} Rxb5
{[%clk 0:00:49]} 52. Rc7+ {[%clk 0:03:02]} Ka6 {[%clk 0:00:52]} 53. Rxf7
{[%clk 0:03:09]} Rb2 {[%clk 0:00:35]} 54. a3 {[%clk 0:01:07]} Rb3
{[%clk 0:00:46]} 55. Bd6 {[%clk 0:01:17]} Rf3+ {[%clk 0:00:49]} 56. Ke7
{[%clk 0:01:37]} Rxf7+ {[%clk 0:00:48]} 57. Kxf7 {[%clk 0:02:01]} Bd5+
{[%clk 0:01:03]} 58. Ke7 {[%clk 0:02:20]} b5 {[%clk 0:01:20]} 59. Bb4
{[%clk 0:02:43]} Bc4 {[%clk 0:01:19]} 1/2-1/2

[Event "EYCC 2024 - G16"]
[Site "?"]
[Date "2024.08.24"]
[Round "3.13"]
[White "Janouskova, Adela"]
[Black "Tsapaki, Asimenia"]
[Result "0-1"]
[BlackElo "1885"]
[WhiteElo "1664"]
[LiveChessVersion "1.4.8"]

1. e4 {[%clk 1:30:55]} c5 {[%clk 1:30:54]} 2. Nf3 {[%clk 1:31:01]} e6
{[%clk 1:31:18]} 3. d4 {[%clk 1:30:50]} cxd4 {[%clk 1:31:42]} 4. Nxd4
{[%clk 1:31:14]} Nf6 {[%clk 1:32:06]} 5. Nc3 {[%clk 1:30:57]} Nc6
{[%clk 1:32:30]} 6. Nxc6 {[%clk 1:29:58]} bxc6 {[%clk 1:32:53]} 7. Bd3
{[%clk 1:29:21]} Bb4 {[%clk 1:29:23]} 8. Bd2 {[%clk 1:23:23]} e5 {[%clk 1:29:03]}
9. O-O {[%clk 1:22:15]} O-O {[%clk 1:29:12]} 10. a3 {[%clk 1:19:21]} Ba5
{[%clk 1:25:25]} 11. Qf3 {[%clk 1:13:18]} Re8 {[%clk 1:06:11]} 12. Qg3
{[%clk 1:05:16]} d5 {[%clk 1:03:12]} 13. Rad1 {[%clk 0:53:56]} Bxc3
{[%clk 0:51:51]} 14. Bxc3 {[%clk 0:54:05]} Nh5 {[%clk 0:52:14]} 15. Qf3
{[%clk 0:52:20]} Nf4 {[%clk 0:52:26]} 16. Rfe1 {[%clk 0:50:05]} h5
{[%clk 0:40:16]} 17. h3 {[%clk 0:33:46]} Qg5 {[%clk 0:32:49]} 18. Kh2
{[%clk 0:30:17]} Qh4 {[%clk 0:32:43]} 19. exd5 {[%clk 0:25:48]} Bg4
{[%clk 0:29:14]} 20. Qe4 {[%clk 0:25:33]} f5 {[%clk 0:29:00]} 21. Qc4
{[%clk 0:24:12]} cxd5 {[%clk 0:28:11]} 22. Qc5 {[%clk 0:23:52]} Bxd1
{[%clk 0:24:51]} 23. Rxd1 {[%clk 0:22:42]} d4 {[%clk 0:24:13]} 24. Be1
{[%clk 0:21:13]} Nxd3 {[%clk 0:24:24]} 25. Rxd3 {[%clk 0:21:24]} Qe7
{[%clk 0:23:43]} 26. Qd5+ {[%clk 0:21:15]} Qe6 {[%clk 0:23:59]} 27. Qxe6+
{[%clk 0:20:44]} Rxe6 {[%clk 0:24:23]} 28. Bb4 {[%clk 0:20:58]} Rc6
{[%clk 0:23:50]} 29. c3 {[%clk 0:21:07]} a5 {[%clk 0:23:55]} 30. Be7
{[%clk 0:21:27]} dxc3 {[%clk 0:23:54]} 31. bxc3 {[%clk 0:21:41]} Ra7
{[%clk 0:23:43]} 32. Bg5 {[%clk 0:21:57]} Rac7 {[%clk 0:23:39]} 33. Bd2
{[%clk 0:22:05]} Rc5 {[%clk 0:23:17]} 34. Kg1 {[%clk 0:22:03]} Kf7
{[%clk 0:23:28]} 35. Kf1 {[%clk 0:22:29]} Ke6 {[%clk 0:23:42]} 36. Ke2
{[%clk 0:22:54]} Rd7 {[%clk 0:23:17]} 37. Rxd7 {[%clk 0:22:19]} Kxd7
{[%clk 0:23:41]} 38. Kd3 {[%clk 0:22:40]} Rd5+ {[%clk 0:23:00]} 39. Kc2
{[%clk 0:23:04]} Kc6 {[%clk 0:21:24]} 40. a4 {[%clk 0:20:56]} Kc5
{[%clk 0:21:19]} 41. Be3+ {[%clk 0:21:05]} Kc4 {[%clk 0:21:36]} 42. Bb6
{[%clk 0:21:23]} g5 {[%clk 0:21:32]} 43. g3 {[%clk 0:21:00]} f4 {[%clk 0:21:23]}
44. gxf4 {[%clk 0:21:07]} exf4 {[%clk 0:21:26]} 45. f3 {[%clk 0:20:58]} g4
{[%clk 0:20:47]} 46. hxg4 {[%clk 0:21:24]} hxg4 {[%clk 0:21:09]} 47. fxg4
{[%clk 0:21:51]} f3 {[%clk 0:21:32]} 48. Bf2 {[%clk 0:21:56]} Re5
{[%clk 0:20:42]} 49. Kd1 {[%clk 0:21:35]} Re2 {[%clk 0:20:27]} 50. Bb6
{[%clk 0:21:52]} Kd3 {[%clk 0:20:50]} 0-1

[Event "EYCC 2024 - G16"]
[Site "?"]
[Date "2024.08.24"]
[Round "3.14"]
[White "Lorenz, Veronika"]
[Black "Scipokaite, Deina"]
[Result "1-0"]
[BlackElo "1623"]
[WhiteElo "1884"]
[LiveChessVersion "1.4.8"]

1. e4 {[%clk 1:30:59]} d5 {[%clk 1:30:53]} 2. exd5 {[%clk 1:31:25]} Nf6
{[%clk 1:31:14]} 3. c4 {[%clk 1:29:44]} e6 {[%clk 1:28:02]} 4. dxe6
{[%clk 1:25:14]} Bxe6 {[%clk 1:28:24]} 5. d4 {[%clk 1:24:07]} Qe7
{[%clk 1:21:06]} 6. Be3 {[%clk 1:15:06]} c6 {[%clk 1:13:52]} 7. Nf3
{[%clk 1:13:36]} Nbd7 {[%clk 1:12:43]} 8. Be2 {[%clk 1:11:58]} g6
{[%clk 1:11:50]} 9. O-O {[%clk 1:12:21]} Bg7 {[%clk 1:12:10]} 10. Nc3
{[%clk 1:06:25]} Qd6 {[%clk 1:03:11]} 11. Qd2 {[%clk 1:03:20]} O-O
{[%clk 0:56:09]} 12. Bf4 {[%clk 0:54:39]} Qb4 {[%clk 0:53:22]} 13. a3
{[%clk 0:53:52]} Qb3 {[%clk 0:51:27]} 14. Bd6 {[%clk 0:53:49]} Rfe8
{[%clk 0:50:55]} 15. a4 {[%clk 0:51:59]} Qb6 {[%clk 0:49:09]} 16. a5
{[%clk 0:48:24]} Qd8 {[%clk 0:48:59]} 17. a6 {[%clk 0:44:53]} bxa6
{[%clk 0:44:17]} 18. c5 {[%clk 0:27:35]} Bf8 {[%clk 0:34:56]} 19. Bxf8
{[%clk 0:27:28]} Rxf8 {[%clk 0:34:36]} 20. Rxa6 {[%clk 0:25:50]} Qc7
{[%clk 0:33:04]} 21. Rfa1 {[%clk 0:21:53]} Rfd8 {[%clk 0:29:01]} 22. b4
{[%clk 0:15:52]} Bd5 {[%clk 0:16:41]} 23. Nxd5 {[%clk 0:15:23]} Nxd5
{[%clk 0:16:54]} 24. Bc4 {[%clk 0:15:00]} N7f6 {[%clk 0:15:38]} 25. Ne5
{[%clk 0:14:28]} Qb7 {[%clk 0:13:31]} 26. Nxc6 {[%clk 0:13:38]} Re8
{[%clk 0:12:06]} 27. b5 {[%clk 0:10:56]} Ne4 {[%clk 0:08:31]} 28. Qb2
{[%clk 0:09:34]} Nc7 {[%clk 0:07:23]} 29. Rxa7 {[%clk 0:08:43]} Rxa7
{[%clk 0:07:42]} 30. Rxa7 {[%clk 0:08:30]} Qc8 {[%clk 0:07:31]} 31. Ne5
{[%clk 0:07:46]} Ng5 {[%clk 0:05:11]} 32. b6 {[%clk 0:05:55]} 1-0